| 000 | 00862nam a22002297a 4500 | ||
|---|---|---|---|
| 999 |
_c8948 _d8948 |
||
| 003 | AR-CdUCM | ||
| 008 | 190327b ||||| |||| 00| 0 spa d | ||
| 040 |
_aMUNICIPALIDAD PROVINCIAL DEL CUSCO _cBIBLIOTECA MUNICIPAL DEL CUSCO |
||
| 082 |
_a015.85 / _bT25 |
||
| 110 |
_aBiblioteca Nacional del Perú _9732 |
||
| 245 | _aAnuario bibliográfico peruano de 1953-1954 / | ||
| 260 |
_aLima : _bBiblioteca Nacional del Perú, _c1959. |
||
| 300 |
_a526 páginas ; _c25 cm. |
||
| 440 |
_aEdiciones de la Biblioteca Nacional. _nXI _924839 |
||
| 505 | _aObras generales -- Filosofía -- Religión -- Geografía y viajes -- Etnología y folklore -- Historia -- Legislación y estudios jurídicos ... | ||
| 650 |
_aFilosofía _9395 |
||
| 650 |
_aReligión _91195 |
||
| 650 |
_aEtnología _91915 |
||
| 700 |
_aTauro, Alberto _911692 |
||
| 942 |
_2ddc _cLIBROS |
||
| 945 | _aacv | ||